00405nam a2200121Ia 4500008004100000082002000041100001900061245006800080260006800148300001000216630001800226650003900244211109s9999||||xx |||||||||||||| ||und|| a330.0151bARC-A aArchibals, G C 3aAn Introd: To A Mathematical Treatment Of Economics 3rd Edition bAll India Institute of General Knowledge EducationaDelhic1987 a523p. xGENERAL STACK aSOCIAL SCIENCEvECONOMICSEconomics